Property law in Scotland and England: a short guide to the main cross-border differences (Record no. 93529)

MARC details
000 -LEADER
fixed length control field 00599cam a2200205 4500
001 - CONTROL NUMBER
control field B3259
008 - FIXED-LENGTH DATA ELEMENTS--GENERAL INFORMATION
fixed length control field 090401t1990 xxu||||| |||| 00| 0 eng d
035 ## - SYSTEM CONTROL NUMBER
System control number (Sirsi) u54972
041 ## - LANGUAGE CODE
Language code of text/sound track or separate title eng
050 ## - LIBRARY OF CONGRESS CALL NUMBER
Classification number 346.411043
110 ## - MAIN ENTRY--CORPORATE NAME
Corporate name or jurisdiction name as entry element Allsop and Co
9 (RLIN) 2757
245 ## - TITLE STATEMENT
Title Property law in Scotland and England: a short guide to the main cross-border differences
260 ## - PUBLICATION, DISTRIBUTION, ETC.
Place of publication, distribution, etc. London
Name of publisher, distributor, etc. Allsop and Co
Date of publication, distribution, etc. 1990
300 ## - PHYSICAL DESCRIPTION
Extent 19p. ; 21cm.
350 ## - PRICE (NR) (BK AM CF MU VM SE) [OBSOLETE]
Price 25
500 ## - GENERAL NOTE
General note Superseded by E96806 "Property law in Scotland and England" Golds, [1999]
710 ## - ADDED ENTRY--CORPORATE NAME
Corporate name or jurisdiction name as entry element Golds
9 (RLIN) 170
942 ## - ADDED ENTRY ELEMENTS (KOHA)
Suppress in OPAC 0
948 ## - LOCAL PROCESSING INFORMATION (OCLC); SERIES PART DESIGNATOR (RLIN)
c (OCLC) 04/03/1997
Holdings
Withdrawn status Lost status Source of classification or shelving scheme Damaged status Not for loan Home library Current library Shelving location Date acquired Cost, normal purchase price Total Checkouts Full call number Barcode Date last seen Date last checked out Copy number Cost, replacement price Price effective from Koha item type
    Dewey Decimal Classification     London London Basement 14/09/1999 25.00 1 BASEMENT 30006911 06/08/2019 27/09/2000 1 25.00 06/08/2019 Book